| 000 | 00363nam a2200145Ia 4500 | ||
|---|---|---|---|
| 008 | 240624s9999 xx 000 0 und d | ||
| 041 | _aeng | ||
| 082 | _a519 BAB | ||
| 100 | _aBABU A CHANDRA | ||
| 245 | _aNEW ENGINEERING MATHEMATICS II | ||
| 260 |
_c2006 _aNew Delhi _bNarosa Publishing House Pvt. Ltd. |
||
| 300 | _a446 : p. | ||
| 365 |
_cRS _b30 |
||
| 440 | _v2 | ||
| 999 |
_c12626 _d12626 |
||